[Event "London Mindsports-C"]
[Site "London"]
[Date "2023.02.15"]
[Round "1"]
[White "Keohane, Benedict A"]
[Black "Sivanandan, Bodhana"]
[Result "1-0"]
[WhiteElo "1967"]
[BlackElo "1725"]
[PlyCount "125"]
[EventDate "2023.02.15"]
[EventType "tourn"]
[EventRounds "9"]
[EventCountry "ENG"]
[SourceTitle "CBM 213 Extra"]
[Source "ChessBase"]
[SourceDate "2023.05.31"]
[SourceVersion "1"]
[SourceVersionDate "2023.05.31"]
[SourceQuality "1"]

1. e4 c6 2. d4 d5 3. Nc3 dxe4 4. Bc4 Nf6 5. f3 exf3 6. Nxf3 Bf5 7. 0-0 e6 8. Ng5 Bg6 9. Qe2 Be7 10. Kh1 Nd5 11. Nce4 0-0 12. h4 h6 13. h5 Bxe4 14. Nxe4 Nf6 15. Nxf6+ Bxf6 16. c3 Bg5 17. Rxf7 Rxf7 18. Qxe6 Qd7 19. Bxg5 hxg5 20. Rf1 Qxe6 21. Bxe6 Na6 22. Rxf7 Re8 23. Bc4 b5 24. Bb3 Kh7 25. Rxa7 Nb8 26. Bc2+ Kh6 27. Bg6 Rf8 28. Kg1 g4 29. g3 Rf3 30. Kg2 Re3 31. Rb7 Na6 32. Rb6 Nc7 33. Rxc6 Nd5 34. Bd3+ Nf6 35. Bxb5 Kxh5 36. Rc5+ Kh6 37. Re5 Ne4 38. Kh2 g5 39. a4 Re1 40. Bd3 Nd2 41. Rxe1 Nf3+ 42. Kh1 Nxe1 43. Be4 Nf3 44. a5 Nd2 45. Bd5 Nf1 46. a6 Nxg3+ 47. Kg2 Ne2 48. a7 Nf4+ 49. Kg3 Nxd5 50. a8Q Nf6 51. b4 Kg6 52. b5 Kf5 53. Qc8+ Kg6 54. b6 Nh5+ 55. Kxg4 Nf6+ 56. Kg3 Nh5+ 57. Kf2 Nf6 58. b7 g4 59. b8Q Kg5 60. Qe5+ Kg6 61. Qcf5+ Kg7 62. Qfxf6+ Kg8 63. Qg7# 1-0

[Event "Hastings Weekend op"]
[Site "Hastings"]
[Date "2023.01.08"]
[Round "4"]
[White "Keohane, Benedict A"]
[Black "Altenhof, Martin"]
[Result "0-1"]
[WhiteElo "1974"]
[BlackElo "2159"]
[PlyCount "88"]
[EventDate "2023.01.07"]
[EventType "swiss"]
[EventRounds "5"]
[EventCountry "ENG"]
[SourceTitle "CBM 212 Extra"]
[Source "ChessBase"]
[SourceDate "2023.03.31"]
[SourceVersion "1"]
[SourceVersionDate "2023.03.31"]
[SourceQuality "1"]

1. b3 d6 2. Bb2 e5 3. g3 Nf6 4. Bg2 g6 5. d3 Bg7 6. c4 0-0 7. Nc3 c6 8. Qd2 Re8 9. Nh3 d5 10. 0-0 d4 11. Na4 Ng4 12. b4 Bh6 13. Qc2 Nd7 14. Bc1 Bxc1 15. Qxc1 h6 16. Rb1 Kg7 17. Kh1 Rb8 18. c5 Ndf6 19. Nb2 Nd5 20. Nc4 Nc3 21. Rb2 Be6 22. Nd6 Rf8 23. Ng1 h5 24. Nf3 Bd5 25. e4 Be6 26. h3 Rh8 27. Kg1 f6 28. hxg4 hxg4 29. Nh4 Rxh4 30. gxh4 Qh8 31. f4 Qxh4 32. Qe1 g3 33. Rf3 exf4 34. e5 f5 35. Qd2 Nd5 36. Nc4 Rh8 37. Rb1 g5 38. Nd6 Ne3 39. Rxe3 dxe3 40. Qb2 Qh2+ 41. Kf1 g4 42. Nxf5+ Bxf5 43. e6+ Kg6 44. Qd4 f3 0-1

[Event "Hastings Weekend op"]
[Site "Hastings"]
[Date "2023.01.07"]
[Round "2"]
[White "Keohane, Benedict A"]
[Black "Haydon, David Leslie"]
[Result "1-0"]
[WhiteElo "1974"]
[BlackElo "2289"]
[PlyCount "127"]
[EventDate "2023.01.07"]
[EventType "swiss"]
[EventRounds "5"]
[EventCountry "ENG"]
[SourceTitle "CBM 212 Extra"]
[Source "ChessBase"]
[SourceDate "2023.03.31"]
[SourceVersion "1"]
[SourceVersionDate "2023.03.31"]
[SourceQuality "1"]

1. e4 c6 2. b3 d5 3. Nc3 e6 4. Bb2 Nf6 5. e5 Nfd7 6. f4 c5 7. Qg4 Nc6 8. Nf3 a6 9. Bd3 b5 10. Ng5 h5 11. Qg3 h4 12. Qg4 Nb6 13. Nh7 Nb4 14. Nxf8 Nxd3+ 15. cxd3 Kxf8 16. d4 b4 17. Nd1 c4 18. a3 a5 19. axb4 axb4 20. Rxa8 Nxa8 21. 0-0 Nb6 22. Ne3 cxb3 23. Qd1 Nc4 24. Qxb3 Qb6 25. Ra1 Na5 26. Qc2 Bd7 27. Qc5+ Qxc5 28. dxc5 Nc6 29. Ra8+ Be8 30. f5 Rh5 31. f6 gxf6 32. Ng4 Rh8 33. Nxf6 Ke7 34. Rc8 Nd8 35. Nxe8 Kxe8 36. c6 Ke7 37. c7 Kd7 38. cxd8Q+ Rxd8 39. Rxd8+ Kxd8 40. Kf2 Kc7 41. Kf3 Kc6 42. Kg4 Kb5 43. Kxh4 Kc4 44. Kg4 Kb3 45. Bd4 Kc4 46. Ba1 Kd3 47. h4 Kxd2 48. h5 Ke3 49. h6 d4 50. h7 d3 51. h8Q Ke2 52. Qh3 d2 53. Qf3+ Ke1 54. Qe3+ Kd1 55. Kf3 Kc2 56. Qc5+ Kd3 57. Qd4+ Kc2 58. Ke2 f5 59. Qxd2+ Kb3 60. Kd3 f4 61. Qd1+ Ka3 62. Kc4 Ka2 63. Bd4 f3 64. Qa1# 1-0

[Event "London Classic op U2050-B 11th"]
[Site "London"]
[Date "2019.12.04"]
[Round "3"]
[White "Keohane, Benedict A"]
[Black "Shepley, Julien M"]
[Result "1-0"]
[WhiteElo "2015"]
[BlackElo "1916"]
[PlyCount "175"]
[EventDate "2019.12.02"]
[EventType "swiss"]
[EventRounds "5"]
[EventCountry "ENG"]
[SourceTitle "CBM 195 Extra"]
[Source "ChessBase"]
[SourceDate "2020.05.31"]
[SourceVersion "1"]
[SourceVersionDate "2020.05.31"]
[SourceQuality "1"]

1. b3 e5 2. Bb2 d6 3. g3 Nc6 4. Bg2 Nf6 5. Nc3 g6 6. e3 Bg7 7. Nge2 0-0 8. h3 Ne7 9. f4 c6 10. d3 exf4 11. gxf4 Nfd5 12. Qd2 Nf5 13. Nxd5 Qh4+ 14. Kf1 Bxb2 15. Rb1 cxd5 16. Rxb2 Re8 17. e4 dxe4 18. dxe4 Ng3+ 19. Nxg3 Qxg3 20. Rb1 Bd7 21. Re1 Bc6 22. Qe3 Qxe3 23. Rxe3 f5 24. e5 Bxg2+ 25. Kxg2 dxe5 26. fxe5 Rac8 27. c4 Rc5 28. Rhe1 Re7 29. h4 h6 30. Kf3 g5 31. hxg5 hxg5 32. Rg1 Rg7 33. Rd1 Rcc7 34. e6 Rce7 35. Rd5 f4 36. Ree5 g4+ 37. Kxf4 g3 38. Rd8+ Kh7 39. Rh5+ Kg6 40. Rg5+ Kf6 41. Rxg3 Rxg3 42. Kxg3 Kxe6 43. Kf3 Rh7 44. Ke3 Rh2 45. Rd2 Rh3+ 46. Ke2 Rh1 47. a4 Rb1 48. Rd3 Rb2+ 49. Ke3 a5 50. Kd4 b6 51. c5 bxc5+ 52. Kxc5 Rh2 53. Kc6 Ke7 54. Rd5 Rh6+ 55. Kb5 Rh3 56. Kc4 Rh4+ 57. Kc3 Rh3+ 58. Kb2 Ke6 59. Rxa5 Kd6 60. Rg5 Kc6 61. Ka3 Rh4 62. a5 Kb7 63. b4 Ka7 64. Ka4 Kb7 65. Kb5 Rh7 66. Rd5 Rg7 67. Kc4 Rc7+ 68. Rc5 Rh7 69. Kb5 Rg7 70. Rd5 Rh7 71. Kc5 Rc7+ 72. Kd4 Rc1 73. b5 Rd1+ 74. Kc5 Rc1+ 75. Kd6 Ra1 76. b6 Ra2 77. Ke7 Ra1 78. Rd7+ Kb8 79. Ra7 Rb1 80. Kd6 Rd1+ 81. Kc6 Rc1+ 82. Kb5 Rb1+ 83. Ka6 Rh1 84. Rb7+ Ka8 85. Rd7 Rh8 86. Rc7 Rg8 87. b7+ Kb8 88. Kb6 1-0

[Event "London CSC 5-Day U2050 op 10th"]
[Site "London"]
[Date "2018.12.12"]
[Round "4"]
[White "Keohane, Benedict A"]
[Black "Roch, Florian"]
[Result "1-0"]
[WhiteElo "2012"]
[BlackElo "1861"]
[PlyCount "69"]
[EventDate "2018.12.09"]
[EventType "swiss"]
[EventRounds "5"]
[EventCountry "ENG"]
[SourceTitle "EXT 2020"]
[Source "ChessBase"]
[SourceDate "2019.10.17"]
[SourceVersion "1"]
[SourceVersionDate "2019.10.17"]
[SourceQuality "1"]

1. e4 c5 2. d4 cxd4 3. c3 dxc3 4. Nxc3 e6 5. Bc4 a6 6. Nf3 b5 7. Bb3 Bb7 8. Qe2 d6 9. 0-0 Nd7 10. Ng5 Nc5 11. Bc2 Be7 12. Nh3 Nf6 13. b4 Ncd7 14. Bb2 0-0 15. Rad1 Qc7 16. Bb3 Ne5 17. Rfe1 Rac8 18. Nf4 Nc4 19. Ba1 d5 20. e5 Nd7 21. Nd3 Qc6 22. Qg4 a5 23. Ne2 f5 24. exf6 Nxf6 25. Qg5 Qe8 26. Nef4 e5 27. Nxe5 Ne4 28. Qg4 Nxe5 29. Bxe5 Qf7 30. Rxe4 Bxb4 31. Red4 Bc3 32. Rxd5 a4 33. Rd7 axb3 34. Rxf7 Rxf7 35. Bxc3 1-0

[Event "London Classic op U2050 9th"]
[Site "London"]
[Date "2017.12.08"]
[Round "5"]
[White "De Jager, Leo"]
[Black "Keohane, Benedict A"]
[Result "0-1"]
[WhiteElo "1751"]
[BlackElo "1986"]
[PlyCount "238"]
[EventDate "2017.12.04"]
[EventType "swiss"]
[EventRounds "5"]
[EventCountry "ENG"]
[SourceTitle "CBM 182 Extra"]
[Source "ChessBase"]
[SourceDate "2018.02.23"]
[SourceVersion "1"]
[SourceVersionDate "2018.02.23"]
[SourceQuality "1"]

1. d4 f5 2. Nf3 Nf6 3. e3 d6 4. Be2 g6 5. 0-0 Bg7 6. c4 0-0 7. Nc3 c6 8. b4 Na6 9. Rb1 Nc7 10. a4 b6 11. a5 Kh8 12. axb6 axb6 13. Bb2 Be6 14. Ra1 Qd7 15. Qc2 Bg8 16. Rxa8 Rxa8 17. Ra1 Qc8 18. Rxa8 Qxa8 19. Qa4 Qxa4 20. Nxa4 Nd7 21. Nc3 Nf6 22. Kf1 h6 23. Ke1 Kh7 24. h3 Bf7 25. Kd2 Nd7 26. b5 cxb5 27. Nxb5 Nxb5 28. cxb5 Nf6 29. Bd3 Ne4+ 30. Ke1 Bd5 31. g3 Nxg3 32. Ng5+ hxg5 33. fxg3 Bg2 34. Bf1 Be4 35. Kf2 Bf6 36. Be2 Kg7 37. Bc3 Bd5 38. Bf3 Bc4 39. Be2 Bb3 40. Bf3 Kf7 41. Ba5 Ba4 42. Bxb6 Bxb5 43. Ba7 Ke8 44. Bb6 Kd7 45. Ba5 Bd3 46. Bb6 Ke6 47. Ba7 Kd7 48. Bb6 e6 49. Bg2 Be7 50. Bf3 d5 51. Ba5 Kc6 52. Bd1 Bb5 53. Bc2 Kd7 54. Bd1 Bd6 55. Bd2 Ke7 56. Bc2 Kf6 57. Bb1 Bc4 58. Bc2 Bc7 59. Bb1 Bb3 60. Bd3 Bd1 61. Bb5 Bb6 62. Bc3 Bc2 63. Be8 Bd3 64. Bc6 Bc7 65. Bd2 Bc4 66. Be8 Bd3 67. Bc6 Be4 68. Be8 e5 69. dxe5+ Bxe5 70. Bb5 d4 71. exd4 Bxd4+ 72. Kf1 Be5 73. Kf2 f4 74. g4 Bd4+ 75. Kf1 Ke6 76. Ba5 f3 77. Be1 Kd5 78. Bf2 Be5 79. Ba6 Kd6 80. Bb5 Bf4 81. Ba6 Ke5 82. Bb5 Kd6 83. Ba6 Kc7 84. Bc4 Kc6 85. Ba6 Bc2 86. Bc4 Kd6 87. Ba6 Ke5 88. Bb7 Be4 89. Ba6 Bd2 90. Bb5 Kf4 91. Ba6 Bd5 92. Bb5 Be4 93. Ba6 Bc2 94. Bb5 Bb3 95. Ba6 Bd5 96. Bb5 Be6 97. Ba6 Ke4 98. Bb7+ Bd5 99. Ba6 Bc6 100. Bc4 Bd5 101. Ba6 Bb3 102. Bb5 Bc2 103. Bc6+ Kf4 104. Bb5 Be4 105. Ba6 Bd5 106. Bb5 Be3 107. Ba6 Ke4 108. Bb5 Kd4 109. Ba6 Be4 110. Bb5 Bd3+ 111. Bxd3 Kxd3 112. Ke1 Ke4 113. Kf1 Bf4 114. Ke1 Be3 115. Kf1 Bxf2 116. Kxf2 Kf4 117. Kf1 Kg3 118. Kg1 Kxh3 119. Kf2 Kxg4 0-1